The mental and the material : thought economy and society
Αποθηκεύτηκε σε:
| Κύριος συγγραφέας: | |
|---|---|
| Άλλοι συγγραφείς: | |
| Μορφή: | Βιβλίο |
| Γλώσσα: | English French |
| Δημοσίευση: |
Verso,
1986.
|
| Θέματα: | |
| Ετικέτες: |
Προσθήκη ετικέτας
Δεν υπάρχουν, Καταχωρήστε ετικέτα πρώτοι!
|
MARC
| LEADER | 00000cam a2200000 i 4500 | ||
|---|---|---|---|
| 001 | 1/63605 | ||
| 008 | 930924s1986 enk| ||| |||| ||eng|| | ||
| 020 | |a 0860911365 | ||
| 035 | |a ΛΕΣΒΟΣb10001238 |l 10001238 | ||
| 040 | |a GR-MyUA |b gre |e AACR2 | ||
| 041 | 1 | |a eng |h fre | |
| 082 | 0 | |a 306.309 | |
| 100 | 1 | |a Godelier, Maurice. | |
| 245 | 1 | 4 | |a The mental and the material : |b thought economy and society / |c Maurice Godelier ; translated by Martin Thom. |
| 260 | |b Verso, |c 1986. | ||
| 300 | |a 255 σ. ; |c 21,50 εκ. | ||
| 500 | |a Τίτλος πρωτοτύπου: L' ideel et le materiel. | ||
| 504 | |a Περιέχει ευρετήριο. | ||
| 650 | 0 | 0 | |a Economic anthropology. |
| 650 | 0 | 0 | |a Marxian economics. |
| 700 | 1 | |a Thom, Martin, |e trl | |
| 852 | |a INST |b LESVOS |e 19930924 |h 306.309 GOD |p 005100004785 |q 005100004785 |t BK |y 0 | ||
| 909 | |a Λ |b 020125 | ||